[Event "ESTCC U50 2018"]
[Site "Walbrzych"]
[Date "2018.04.19"]
[Round "6"]
[White "Webster, Jim J"]
[Black "Lembidakis, Michael"]
[Result "1-0"]
[WhiteElo "1769"]
[BlackElo "2069"]
[Annotator "NA"]
[PlyCount "36"]
[EventDate "2018.??.??"]
[EventCountry "POL"]
[SourceTitle "playchess.com"]
[Source "ChessBase"]
[SourceQuality "1"]
[WhiteTeam "SCO"]
[BlackTeam "FIN"]
[WhiteTeamCountry "SCO"]
[BlackTeamCountry "SCO"]
[TimeControl "40/5400+30:1800+30"]

1. d4 {[%emt 0:00:00]} Nf6 {[%emt 0:00:21]} 2. c4 {[%emt 0:00:00]} g6 {[%emt 0:00:27]} 3. Nc3 {[%emt 0:00:00]} e6 {[%emt 0:00:16]} 4. Nf3 {[%emt 0:00:46]} d6 {[%emt 0:00:47]} 5. e4 {[%emt 0:01:09]} Bg7 {[%emt 0:00:41]} 6. Be2 {[%emt 0:00:35]} Nfd7 {[%emt 0:02:46]} 7. Be3 {[%emt 0:00:33]} Nc6 {[%emt 0:00:48]} 8. Qd2 {[%emt 0:01:29]} b6 {[%emt 0:03:17]} 9. Rc1 {[%emt 0:01:11]} Bb7 {[%emt 0:01:36]} 10. O-O {[%emt 0:01:32]} Qe7 {[%emt 0:02:38]} 11. a3 {[%emt 0:01:04]} Na5 {[%emt 0:01:15]} 12. Qc2 {[%emt 0:00:54]} Nc6 $16 {[%emt 0:01:19]} 13. Nb5 {[%emt 0:01:49]} Nf6 {[%emt 0:04:00]} 14. d5 {[%emt 0:06:42]} exd5 {[%emt 0:01:14]} 15. cxd5 {[%emt 0:00:17]} Ng4 {[%emt 0:04:06]} 16. dxc6 {[%emt 0:02:12]} Ba6 {[%emt 0:02:02]} 17. Bd4 {[%emt 0:02:31]} f6 {[%emt 0:02:28]} 18. Nxd6+ cxd6 1-0

[Event "ESTCC U50 2018"]
[Site "Walbrzych"]
[Date "2018.04.19"]
[Round "6"]
[White "Germann, Martin"]
[Black "De la Orden Alcocer, Alejandro"]
[Result "0-1"]
[WhiteElo "1755"]
[BlackElo "2013"]
[Annotator "NA"]
[PlyCount "76"]
[EventDate "2018.??.??"]
[EventCountry "POL"]
[SourceTitle "playchess.com"]
[Source "ChessBase"]
[SourceQuality "1"]
[WhiteTeam "Switzerland"]
[BlackTeam "Spain"]
[WhiteTeamCountry "SUI"]
[BlackTeamCountry "ESP"]
[TimeControl "40/5400+30:1800+30"]

1. d4 {[%emt 0:00:00]} Nf6 {[%emt 0:01:29]} 2. Nf3 {[%emt 0:00:00]} g6 {[%emt 0:00:09]} 3. Nc3 {[%emt 0:00:27]} d5 {[%emt 0:00:08]} 4. Bf4 {[%emt 0:01:04]} Bg7 {[%emt 0:00:11]} 5. Qd2 {[%emt 0:01:02]} Ne4 {[%emt 0:03:03]} 6. Nxe4 {[%emt 0:01:15]} dxe4 {[%emt 0:03:50]} 7. Ne5 {[%emt 0:00:24]} f6 {[%emt 0:00:08]} 8. Nc4 {[%emt 0:00:58]} Be6 {[%emt 0:02:49]} 9. e3 {[%emt 0:03:05]} O-O {[%emt 0:00:30]} 10. Be2 {[%emt 0:01:57]} Bd5 $14 {[%emt 0:05:47]} 11. O-O {[%emt 0:03:28]} Nd7 {[%emt 0:00:30]} 12. Rad1 {[%emt 0:03:58]} c6 {[%emt 0:00:36]} 13. b3 {[%emt 0:05:49]} Nb6 {[%emt 0:07:35]} 14. Nxb6 {[%emt 0:03:25]} Qxb6 {[%emt 0:01:42]} 15. c4 {[%emt 0:01:16]} Bf7 {[%emt 0:00:05]} 16. Qc2 {[%emt 0:04:17]} f5 {[%emt 0:00:09]} 17. Rd2 {[%emt 0:06:31]} Rac8 {[%emt 0:01:05]} 18. Rc1 {[%emt 0:03:45]} Qa5 {[%emt 0:01:44]} 19. Rcd1 {[%emt 0:06:34]} Bf6 {[%emt 0:01:12]} 20. h3 {[%emt 0:01:34]} c5 {[%emt 0:03:18]} 21. Be5 {[%emt 0:06:49]} Bxe5 {[%emt 0:02:53]} 22. dxe5 {[%emt 0:00:16]} Rfd8 {[%emt 0:01:26]} 23. f3 {[%emt 0:10:37]} exf3 {[%emt 0:05:06]} 24. Bxf3 {[%emt 0:00:47]} Qc7 {[%emt 0:02:21]} 25. Qc3 {[%emt 0:02:19]} b6 {[%emt 0:01:41]} 26. Kf2 {[%emt 0:00:41]} Be6 {[%emt 0:00:38]} 27. Bd5 {[%emt 0:06:15]} Kf7 {[%emt 0:01:42]} 28. Ke2 {[%emt 0:02:38]} Bxd5 {[%emt 0:04:47]} 29. cxd5 {[%emt 0:00:37]} c4 {[%emt 0:01:54]} 30. b4 {[%emt 0:02:23]} b5 {[%emt 0:01:49]} 31. e4 {[%emt 0:05:23]} fxe4 {[%emt 0:00:55]} 32. Ke3 {[%emt 0:02:39]} Qb7 {[%emt 0:03:21]} 33. e6+ {[%emt 0:06:30]} Kg8 {[%emt 0:00:56]} 34. Kxe4 {[%emt 0:00:44]} Rf8 {[%emt 0:00:49]} 35. Qg3 {[%emt 0:02:39]} c3 {[%emt 0:00:35]} 36. Rc2 {[%emt 0:00:26]} Rc4+ {[%emt 0:01:09]} 37. Rd4 {[%emt 0:00:32]} Rf5 {[%emt 0:05:50]} 38. Rxc3 {[%emt 0:03:45]} Qxd5+ {[%emt 0:00:31]} 0-1

[Event "ESTCC U50 2018"]
[Site "Walbrzych"]
[Date "2018.04.19"]
[Round "6"]
[White "Szydelko, Kazimierz"]
[Black "Van de Wynkele, Herman"]
[Result "1/2-1/2"]
[WhiteElo "1689"]
[BlackElo "2048"]
[Annotator "NA"]
[PlyCount "104"]
[EventDate "2018.??.??"]
[EventCountry "POL"]
[SourceTitle "playchess.com"]
[Source "ChessBase"]
[SourceQuality "1"]
[WhiteTeam "Poland"]
[BlackTeam "Belgium"]
[WhiteTeamCountry "POL"]
[BlackTeamCountry "BEL"]
[TimeControl "40/5400+30:1800+30"]

1. d4 {[%emt 0:00:00]} g6 {[%emt 0:00:04]} 2. c4 {[%emt 0:00:00]} Bg7 {[%emt 0:00:05]} 3. Nf3 {[%emt 0:00:02]} d6 {[%emt 0:00:07]} 4. g3 {[%emt 0:01:10]} Nd7 {[%emt 0:00:50]} 5. Nc3 {[%emt 0:00:48]} e5 {[%emt 0:02:00]} 6. Bg2 {[%emt 0:00:59] LiveBook: 826 Games} Ne7 {[%emt 0:02:48]} 7. e4 {[%emt 0:01:27]} O-O {[%emt 0:00:28]} 8. O-O {[%emt 0:00:50]} c6 {[%emt 0:04:51]} 9. Be3 {[%emt 0:04:16] A42: Modern Defence: Averbakh Variation} Qc7 {[%emt 0:13:07]} (9... h6 10. Qb3 b6 11. Rfd1 Qc7 12. Rac1 exd4 13. Nxd4 a5 14. Qc2 Ba6 15. b3 Rad8 16. Qd2 Kh7 {½-½ (49) Khismatullin,D (2534)-Bu,X (2606) Moscow 2004}) 10. Qd2 {[%emt 0:01:42]} Re8 {[%emt 0:02:00]} 11. b4 $146 {[%emt 0:08:00]} ({Predecessor:} 11. Rfd1 Nf8 12. d5 c5 13. b4 b6 14. a4 Bd7 15. Nb5 Bxb5 16. cxb5 {½-½ (42) Terrie,H (2200)-Tylevich,D (2319) Lowell 2002}) 11... Nf8 {[%emt 0:01:09]} 12. d5 {[%emt 0:07:34]} cxd5 {[%emt 0:08:41]} 13. cxd5 {[%emt 0:05:00]} Bg4 {[%emt 0:00:47]} 14. Rac1 {[%emt 0:05:26]} Qd7 {[%emt 0:00:09]} 15. Ng5 {[%emt 0:09:45]} h6 {[%emt 0:06:29]} 16. h3 {[%emt 0:00:53]} Bh5 {[%emt 0:06:17]} 17. Nxf7 {[%emt 0:02:40]} Kxf7 {[%emt 0:00:38]} 18. g4 {[%emt 0:00:05]} Bxg4 {[%emt 0:00:35]} 19. hxg4 {[%emt 0:00:02]} g5 {[%emt 0:00:12]} 20. f3 {[%emt 0:02:29]} Nfg6 {[%emt 0:00:09]} 21. Ne2 {[%emt 0:02:26]} Nf4 {[%emt 0:01:14]} 22. Ng3 {[%emt 0:00:17]} a6 {[%emt 0:00:50]} 23. Rc2 {[%emt 0:02:28]} Rec8 {[%emt 0:00:11]} 24. Rfc1 {[%emt 0:00:16]} Rxc2 {[%emt 0:00:35]} 25. Rxc2 {[%emt 0:00:28]} Rc8 {[%emt 0:00:28]} 26. Bf1 {[%emt 0:02:40]} Bf8 {[%emt 0:14:36]} 27. Qc1 {[%emt 0:03:37]} Rxc2 {[%emt 0:04:29]} 28. Qxc2 {[%emt 0:00:01]} Qc8 {[%emt 0:00:19]} 29. Qxc8 {[%emt 0:07:36]} Nxc8 {[%emt 0:00:05]} 30. b5 {[%emt 0:00:19]} axb5 {[%emt 0:00:22]} 31. Bxb5 {[%emt 0:00:02]} Ke7 {[%emt 0:00:15]} 32. Nf5+ {[%emt 0:02:07]} Kd8 {[%emt 0:00:09]} 33. Kf2 {[%emt 0:05:36]} Kc7 {[%emt 0:00:14]} 34. a4 {[%emt 0:06:09]} Ng6 {[%emt 0:07:31]} 35. Ke2 {[%emt 0:04:34]} Nge7 {[%emt 0:00:30]} 36. Kd3 {[%emt 0:00:39]} Ng6 {[%emt 0:01:43]} 37. a5 {[%emt 0:03:19]} Nf4+ {[%emt 0:01:34]} 38. Bxf4 {[%emt 0:02:49]} gxf4 {[%emt 0:00:31]} 39. Ke2 {[%emt 0:06:25]} Ne7 {[%emt 0:00:26]} 40. Kf2 {[%emt 0:00:00]} Nxf5 {[%emt 0:00:41]} 41. gxf5 {[%emt 0:01:56]} Kd8 {[%emt 0:01:42]} 42. Kg2 {[%emt 0:00:26]} Ke7 $2 {[%emt 0:00:13]} (42... Be7 $11) 43. Bc6 {[%emt 0:01:35]} Kd8 {[%emt 0:03:53]} 44. Bxb7 {[%emt 0:00:14]} Kc7 {[%emt 0:00:07]} 45. a6 {[%emt 0:01:38]} Be7 {[%emt 0:00:17]} 46. Kh3 {[%emt 0:01:15]} h5 {[%emt 0:00:12]} 47. Bc6 {[%emt 0:00:22]} Kb6 {[%emt 0:00:12]} 48. Be8 $14 {[%emt 0:02:13]} Kxa6 {[%emt 0:00:12]} 49. Bxh5 {[%emt 0:00:16]} Kb7 {[%emt 0:00:07]} 50. Kg4 {[%emt 0:01:54]} Kc7 {[%emt 0:00:07]} 51. Bf7 {[%emt 0:09:24]} Bf6 {[%emt 0:00:12]} 52. Kh5 {[%emt 0:00:19]} Kb7 1/2-1/2

[Event "ESTCC U50 2018"]
[Site "Walbrzych"]
[Date "2018.04.19"]
[Round "6"]
[White "Telenius, Kimmo"]
[Black "Aird, Ian"]
[Result "0-1"]
[WhiteElo "1603"]
[BlackElo "1785"]
[Annotator "NA"]
[PlyCount "136"]
[EventDate "2018.??.??"]
[EventCountry "POL"]
[SourceTitle "playchess.com"]
[Source "ChessBase"]
[SourceQuality "1"]
[WhiteTeam "Finland"]
[BlackTeam "Scotland"]
[WhiteTeamCountry "FIN"]
[BlackTeamCountry "SCO"]
[TimeControl "40/5400+30:1800+30"]

1. e4 c6 2. c4 d5 3. cxd5 cxd5 4. exd5 Nf6 5. Nc3 Nxd5 6. Bc4 Nb6 7. Bb3 g6 8. Qf3 e6 9. Nh3 Bg7 10. O-O O-O 11. Re1 Nc6 12. Qe4 Qd4 13. Ng5 Qxe4 14. Rxe4 Nd4 15. Bd1 e5 16. Nf3 Bf5 17. Re1 Rfe8 18. Ne4 Bxe4 19. Rxe4 f5 20. Re1 Rac8 21. Nxd4 exd4 22. Rxe8+ Rxe8 23. Kf1 d3 24. Rb1 Be5 25. g3 f4 26. b3 fxg3 27. hxg3 Rf8 28. Kg2 Nd7 29. Bf3 Bd4 30. Ba3 Rf6 31. Bd5+ Kg7 32. f4 Ra6 33. Bb2 Bxb2 34. Rxb2 b5 35. b4 Nf6 36. Bf3 Re6 37. Rb3 Rd6 38. Kf2 h5 39. Ke3 Ng4+ 40. Bxg4 hxg4 41. Rxd3 Re6+ 42. Kf2 Kf6 43. Rd5 a6 44. Rg5 Re4 45. a3 Rc4 46. Rxg4 Rc2 47. Ke2 Ra2 48. Rg5 Rxa3 49. Rc5 Rxg3 50. Rc6+ Kf5 51. Rxa6 Rb3 52. d4 Rxb4 53. Rd6 Kxf4 54. Rxg6 Rxd4 55. Rg1 Rd8 56. Rb1 Rd5 57. Rb4+ Ke5 58. Ke3 Rc5 59. Kd3 Kd5 60. Kd2 Kc6 61. Kd3 Kb6 62. Rb2 Ka5 63. Kd4 Rc8 64. Kd3 Ka4 65. Kd2 b4 66. Kd3 Ka3 67. Rb1 b3 68. Kd2 b2 0-1

[Event "ESTCC U50 2018"]
[Site "Walbrzych"]
[Date "2018.04.20"]
[Round "7"]
[White "Bruno, Fabio"]
[Black "Daleczko, Zbigniew"]
[Result "1-0"]
[WhiteElo "2439"]
[BlackElo "1835"]
[Annotator "TA"]
[PlyCount "65"]
[EventDate "2018.??.??"]
[EventCountry "POL"]
[SourceTitle "playchess.com"]
[Source "ChessBase"]
[SourceQuality "1"]
[WhiteTeam "Italy"]
[BlackTeam "Poland"]
[WhiteTeamCountry "ITA"]
[BlackTeamCountry "POL"]

{[%evp 14,64,46,49,66,75,79,63,102,55,137,115,193,174,220,181,226,221,795,790,918,776,731,682,2069,2050,1813,1834,29989,29990,29990,29991,29991,29992,29995,29992,29994,29992,29993,29994,29994,29994,29995,29996,29996,29996,29996,29997,29997,29998,29998,29999,29999]} 1. Nf3 c5 2. c4 Nc6 3. Nc3 g6 4. e3 Bg7 5. d4 {[%cal Bd2d4,Bd4d5][%mdl 32]} d6 6. d5 Ne5 7. Nxe5 Bxe5 8. e4 {LiveBook: 12 Games. A35: Symmetrical English: 2 Nc3 Nc6 3 Nf3} Bxc3+ (8... Nf6 9. Bd3 h6 10. O-O g5 11. f4 gxf4 12. Bxf4 Ng4 13. Qf3 h5 14. Be2 f6 15. h3 Bd4+ {1-0 (40) Pantsulaia,L (2612)-Rapport,R (2707) Riadh 2017}) 9. bxc3 e5 10. Bd3 {White is better.} Bd7 11. O-O $146 ({Predecessor:} 11. f4 Qc7 12. O-O f6 13. a4 O-O-O 14. fxe5 dxe5 15. a5 Kb8 16. Be3 {1-0 (26) Iturrizaga Bonelli,E (2605)-Popov,I (2582) Puerto Madryn 2009}) 11... f6 (11... g5 $1 $14) 12. f4 $16 Qe7 (12... exf4 $16 {is a better defense.} 13. Bxf4 Qc7) 13. fxe5 $18 fxe5 14. Rb1 $36 {[%mdl 2048] White is really pushing.} O-O-O 15. Qb3 {[%csl Gb1][%cal Rb3b7]} Be8 $2 {[#]} (15... b6 16. a4 Kc7) 16. Bg5 $1 {[%mdl 512]} Qd7 (16... Qxg5 17. Qxb7#) 17. Bxd8 Kxd8 18. Qxb7 Ne7 19. Qb8+ Nc8 20. Rb7 Ke7 21. Qxc8 {White mates.} Qxb7 22. Qxb7+ Bd7 23. Bc2 Rd8 24. Qxa7 Ke8 25. a4 {[%cal Ba2a4,Ba4a5][%mdl 32]} h5 26. a5 h4 27. Qc7 Ke7 28. Ba4 h3 29. gxh3 {[%cal Bg2h3,Bh3g4][%mdl 32]} g5 30. Bb5 g4 31. hxg4 Ke8 32. Qxd6 {[%cal Rd6e5]} Bxb5 33. Rf8# {Precision: White = 85%, Black = 12%.} 1-0

[Event "ESTCC U50 2018"]
[Site "Walbrzych"]
[Date "2018.04.20"]
[Round "7"]
[White "Garcia Palermo, Carlos"]
[Black "Kowalczuk, Wojciech"]
[Result "1-0"]
[WhiteElo "2404"]
[BlackElo "2049"]
[Annotator "TA"]
[PlyCount "28"]
[EventDate "2018.??.??"]
[EventCountry "POL"]
[SourceTitle "playchess.com"]
[Source "ChessBase"]
[SourceQuality "1"]
[WhiteTeam "Italy"]
[BlackTeam "Poland"]
[WhiteTeamCountry "ITA"]
[BlackTeamCountry "POL"]

{[%evp 1,1,25]} 1. d4 {Predecessor:} Nf6 $146 2. c4 g6 3. Nf3 Bg7 4. e3 O-O 5. Be2 d6 6. Nc3 Nc6 7. d5 Nb4 8. a3 Na6 9. Nd4 e5 10. dxe6 fxe6 11. O-O e5 12. Nb3 c6 13. e4 Nc7 14. f4 Ne6 {½-½ (59) Caruana,F (2784)-Carlsen,M (2843) Karlsruhe/Baden-Baden 2018} 1-0

[Event "ESTCC U50 2018"]
[Site "Walbrzych"]
[Date "2018.04.20"]
[Round "7"]
[White "Lewis, Andrew P"]
[Black "Roth, Martin"]
[Result "1-0"]
[WhiteElo "2279"]
[BlackElo "2008"]
[Annotator "NA RC"]
[PlyCount "155"]
[EventDate "2018.??.??"]
[EventCountry "POL"]
[SourceTitle "playchess.com"]
[Source "ChessBase"]
[SourceQuality "1"]
[WhiteTeam "ENG"]
[BlackTeam "SUI"]
[WhiteTeamCountry "ENG"]
[BlackTeamCountry "GER"]
[TimeControl "40/5400+30:1800+30"]

1. c4 {[%emt 0:00:00]} c5 {[%emt 0:00:29]} 2. Nf3 {[%emt 0:00:00]} Nc6 {[%emt 0:01:24]} 3. Nc3 {[%emt 0:00:15]} g6 {[%emt 0:01:08]} 4. e3 {[%emt 0:00:39]} Bg7 {[%emt 0:02:39]} 5. d4 {[%emt 0:00:51]} Qa5 {[%emt 0:02:35] A35: Symmetrical English: 2 Nc3 Nc6 3 Nf3} (5... d6 6. d5 Ne5 7. Nxe5 Bxe5 8. e4 Nf6 9. Bd3 h6 10. O-O g5 11. f4 gxf4 12. Bxf4 Ng4 13. Qf3 h5 14. Be2 f6 15. h3 Bd4+ {1-0 (40) Pantsulaia,L (2612)-Rapport,R (2707) Riadh 2017}) 6. Be2 {[%emt 0:02:31]} d6 {[%emt 0:03:14]} 7. h3 {[%emt 0:01:52]} Nf6 {[%emt 0:04:30]} 8. d5 {[%emt 0:00:48]} Nb4 $146 {[%emt 0:00:31]} ({Predecessor:} 8... Ne5 9. Nxe5 dxe5 10. O-O O-O 11. e4 a6 12. Be3 {1-0 (45) Stuetzel,E (1300)-Paquette,J (1438) San Francisco 2015}) 9. O-O {[%emt 0:05:42]} O-O {[%emt 0:01:08]} 10. e4 {[%emt 0:04:00]} Nd7 {[%emt 0:01:30]} 11. Bd2 {[%emt 0:05:08]} Qc7 {[%emt 0:03:50]} 12. Rb1 {[%emt 0:03:15]} a5 {[%emt 0:00:54]} 13. Re1 {[%emt 0:05:33]} h6 {[%emt 0:09:38]} 14. Bf4 {[%emt 0:04:29]} Ne5 {[%emt 0:10:07]} 15. Nxe5 {[%emt 0:06:49]} dxe5 {[%emt 0:00:02]} 16. Be3 {[%emt 0:00:10]} Rd8 {[%emt 0:07:49]} 17. Qd2 {[%emt 0:02:12]} Kh7 {[%emt 0:04:39]} 18. h4 {[%emt 0:05:35]} b6 {[%emt 0:02:48]} 19. h5 {[%emt 0:03:04]} Nc6 {[%emt 0:03:51]} 20. hxg6+ {[%emt 0:02:22]} fxg6 {[%emt 0:00:01]} 21. Nb5 {[%emt 0:00:32]} Qb8 {[%emt 0:01:37]} 22. Qd1 {[%emt 0:08:13]} Nd4 {[%emt 0:01:31]} 23. Bxd4 {[%emt 0:00:26]} cxd4 {[%emt 0:00:21]} 24. Bg4 {[%emt 0:00:38]} Rf8 {[%emt 0:03:04]} 25. b3 {[%emt 0:04:38]} Rf4 {[%emt 0:00:34]} 26. Bxc8 {[%emt 0:02:19]} Qxc8 {[%emt 0:00:01]} 27. Qe2 {[%emt 0:00:28]} Qd7 {[%emt 0:02:58]} 28. Rbd1 {[%emt 0:01:21]} Raf8 {[%emt 0:01:32]} 29. Rf1 {[%emt 0:01:09]} h5 {[%emt 0:00:52]} 30. Na3 {[%emt 0:01:45]} Bh6 {[%emt 0:01:36]} 31. Rd3 {[%emt 0:05:54]} (31. c5 $1 $11) 31... Rg4 {[%emt 0:06:47]} 32. c5 {[%emt 0:02:22]} bxc5 {[%emt 0:02:26]} 33. Nc4 {[%emt 0:00:12]} Bf4 {[%emt 0:01:21]} 34. Rh3 {[%emt 0:06:07]} Kg7 {[%emt 0:02:27]} 35. Kh1 {[%emt 0:03:40]} Rg5 {[%emt 0:06:00]} 36. Rh4 {[%emt 0:05:17]} Rg4 {[%emt 0:02:05]} 37. Rxg4 {[%emt 0:04:11]} Qxg4 {[%emt 0:00:32]} 38. Qxg4 {[%emt 0:00:29]} hxg4 {[%emt 0:00:01]} 39. Kg1 {[%emt 0:00:00]} Kf6 {[%emt 0:05:28]} 40. g3 {[%emt 0:00:00]} Bh6 {[%emt 0:00:13]} 41. f3 {[%emt 0:05:49]} Kg5 {[%emt 0:19:04]} 42. Nxe5 {[%emt 0:01:59]} gxf3 {[%emt 0:00:50]} 43. Nxf3+ {[%emt 0:00:53]} Kg4 {[%emt 0:04:45]} 44. Kg2 {[%emt 0:01:06]} Bg7 {[%emt 0:01:26]} 45. Nh2+ {[%emt 0:13:39]} Kg5 {[%emt 0:00:19]} 46. Rxf8 {[%emt 0:01:00]} Bxf8 {[%emt 0:00:01]} 47. Nf3+ {[%emt 0:00:23]} Kf6 {[%emt 0:00:17]} 48. Kf2 {[%emt 0:00:13]} (48. g4 $142) 48... Bh6 {[%emt 0:01:58]} 49. Ke2 {[%emt 0:00:29]} e5 $2 {[%emt 0:00:43]} (49... a4 $16 50. bxa4 c4) 50. Ne1 {[%emt 0:01:41]} Bf8 {[%emt 0:01:57]} 51. a4 {[%emt 0:01:19]} Bd6 {[%emt 0:01:34]} 52. Nd3 {[%emt 0:00:09]} Kg5 {[%emt 0:00:10]} 53. Nb2 {[%emt 0:01:54]} Kf6 {[%emt 0:00:41]} 54. Kf3 {[%emt 0:01:23]} Bc7 {[%emt 0:00:12]} 55. Kg4 {[%emt 0:01:43]} Bd8 {[%emt 0:00:28]} 56. Nc4 {[%emt 0:00:18]} Bc7 {[%emt 0:00:20]} 57. Kh4 {[%emt 0:00:50]} Bd8 {[%emt 0:01:15]} 58. Kg4 {[%emt 0:00:09]} Bc7 {[%emt 0:00:21]} 59. Kf3 {[%emt 0:00:12]} Bd8 {[%emt 0:00:13]} 60. Nd2 {[%emt 0:02:11]} Bc7 {[%emt 0:00:25]} 61. Nf1 $18 {[%emt 0:00:11]} Kg5 {[%emt 0:00:46]} 62. Nh2 {[%emt 0:00:24]} Kf6 {[%emt 0:00:20]} 63. Ng4+ {[%emt 0:00:05]} Kg5 {[%emt 0:00:06]} 64. Nf2 {[%emt 0:00:09]} Bd6 {[%emt 0:00:18]} 65. Ke2 {[%emt 0:00:17]} Kf6 {[%emt 0:01:03]} 66. Kd3 {[%emt 0:00:09]} Kg5 {[%emt 0:00:34]} 67. Kc4 {[%emt 0:00:17]} Be7 {[%emt 0:01:30]} 68. Kb5 {[%emt 0:00:50]} Bf6 {[%emt 0:01:29]} 69. d6 {[%emt 0:01:48]} d3 70. Nxd3 {[%emt 0:04:27]} Kg4 {[%emt 0:00:36]} 71. d7 {[%emt 0:00:20]} Kxg3 {[%emt 0:00:22]} 72. Nxe5 {[%emt 0:00:32]} g5 {[%emt 0:00:18]} 73. Kxc5 {[%emt 0:02:13]} Kf4 {[%emt 0:00:14]} 74. Kd5 {[%emt 0:00:43]} Bd8 {[%emt 0:00:11]} 75. Nf7 {[%emt 0:01:17]} g4 {[%emt 0:01:12]} 76. Nxd8 {[%emt 0:00:13]} g3 {[%emt 0:00:08]} 77. Ne6+ {[%emt 0:00:04]} Kf3 {[%emt 0:00:32]} 78. d8=Q {[%emt 0:00:11]} 1-0

[Event "ESTCC U50 2018"]
[Site "Walbrzych"]
[Date "2018.04.20"]
[Round "7"]
[White "Strutinskaia, Galina"]
[Black "Tuomala, Timo"]
[Result "1/2-1/2"]
[WhiteElo "2232"]
[BlackElo "2197"]
[Annotator "NA"]
[PlyCount "92"]
[EventDate "2018.??.??"]
[EventCountry "POL"]
[SourceTitle "playchess.com"]
[Source "ChessBase"]
[SourceQuality "1"]
[WhiteTeam "Russia"]
[BlackTeam "Finland"]
[WhiteTeamCountry "RUS"]
[BlackTeamCountry "FIN"]
[TimeControl "40/5400+30:1800+30"]

1. d4 Nf6 2. c4 g6 3. Nc3 Bg7 4. e4 d6 {LiveBook: 51307 Games} 5. Be2 O-O 6. h4 e5 7. d5 {E73: King's Indian: Averbakh Variation without 6...c5} Na6 (7... c6 8. h5 cxd5 9. exd5 Qd7 10. hxg6 fxg6 11. Nf3 Qe7 12. Ng5 e4 13. Be3 Na6 14. Qd2 Nc5 {1-0 (31) Rapport,R (2691)-Gallagher,J (2495) Caleta 2014}) 8. h5 Nc5 9. Bf3 c6 $146 ({Predecessor:} 9... a5 $11 10. hxg6 fxg6 11. Bh6 Bxh6 12. Rxh6 Kg7 13. Qd2 Nd3+ 14. Kf1 Nxf2 {0-1 (66) Netusil,M (2333)-Golcman,E (2311) Prague 2006}) 10. b4 Na6 11. a3 cxd5 12. cxd5 Bd7 13. Nge2 Nc7 14. Be3 Bg4 15. h6 Bh8 16. Bg5 Bxf3 17. gxf3 Qd7 18. Qa4 Qxa4 19. Nxa4 Rfc8 20. Nac3 Nfe8 21. Rg1 Bf6 22. Bd2 Kf8 23. Nc1 Bd8 24. Nd3 Nf6 25. a4 Nce8 26. a5 a6 27. Ke2 Nc7 28. Rgc1 Nd7 29. f4 Bf6 30. Rab1 exf4 31. Bxf4 Ke7 32. Be3 Bxc3 33. Rxc3 Nb5 34. Rxc8 Rxc8 35. Rc1 Rxc1 36. Bxc1 f6 37. Bb2 Ne5 38. Nf4 Nf7 39. Bc1 g5 40. Ne6 Ne5 41. f4 gxf4 42. Bxf4 Nc3+ 43. Ke3 Ng6 44. Bg3 Nb5 45. Ng7 $11 Kd7 46. Nh5 Ke7 1/2-1/2

[Event "ESTCC U50 2018"]
[Site "Walbrzych"]
[Date "2018.04.20"]
[Round "7"]
[White "Deleyn, Gunter"]
[Black "Lopez de Turiso, Jose Angel"]
[Result "1-0"]
[WhiteElo "2200"]
[BlackElo "2064"]
[Annotator "NA"]
[PlyCount "54"]
[EventDate "2018.??.??"]
[EventCountry "POL"]
[SourceTitle "playchess.com"]
[Source "ChessBase"]
[SourceQuality "1"]
[WhiteTeam "Belgium"]
[BlackTeam "Spain"]
[WhiteTeamCountry "BEL"]
[BlackTeamCountry "ESP"]
[TimeControl "40/5400+30:1800+30"]

1. c4 {[%emt 0:00:00]} g6 {[%emt 0:00:49]} 2. g3 {[%emt 0:00:00]} Bg7 {[%emt 0:00:07]} 3. Bg2 {[%emt 0:00:00]} d6 {[%emt 0:01:03]} 4. Nc3 {[%emt 0:00:17]} f5 {[%emt 0:01:47]} 5. e3 {[%emt 0:00:36]} Nf6 {[%emt 0:00:31]} 6. Nge2 {[%emt 0:00:11]} e5 {[%emt 0:06:17]} 7. O-O {[%emt 0:00:54]} O-O {[%emt 0:00:45]} 8. d3 {[%emt 0:00:19]} Nc6 {[%emt 0:06:04]} 9. b3 {[%emt 0:02:32] LiveBook: 51 Games} Bd7 {[%emt 0:01:55]} 10. Bb2 {[%emt 0:03:41]} a6 {[%emt 0:00:42] A25: English Opening vs King's Indian with ...Nc6 but without early d3} (10... g5 11. f4 h6 12. Qd2 Qe8 13. Rae1 Qh5 14. a3 Rae8 15. h3 Qg6 16. Nb5 Rc8 17. b4 h5 18. Kh2 {0-1 (54) Nilsen,J (2413)-Aulin Jansson,J (2273) Drammen 2018}) 11. Qd2 {[%emt 0:07:57]} Rb8 {[%emt 0:01:59]} 12. Rac1 {[%emt 0:00:21]} Ne7 {[%emt 0:05:11]} 13. a4 $146 {[%emt 0:04:27]} ({Predecessor:} 13. d4 e4 14. d5 g5 15. b4 Qe8 16. Nd4 Ng6 17. f4 gxf4 18. gxf4 {½-½ (36) Rapp,U (2175)-Walter,G (2042) Finsterbergen 2009}) 13... g5 {[%emt 0:03:15]} 14. f4 {[%emt 0:04:05]} h6 {[%emt 0:04:06]} 15. e4 {[%emt 0:09:48]} exf4 {[%emt 0:08:33]} 16. gxf4 {[%emt 0:00:04]} g4 $16 {[%emt 0:00:58]} (16... Nh5 $11) 17. e5 {[%emt 0:18:26]} dxe5 {[%emt 0:07:20]} 18. fxe5 {[%emt 0:00:06]} Nh5 {[%emt 0:00:16]} 19. Nd5 {[%emt 0:00:26]} Ng6 {[%emt 0:00:49]} 20. d4 {[%emt 0:04:35]} c6 {[%emt 0:09:25]} 21. Ndf4 {[%emt 0:00:12]} Ngxf4 {[%emt 0:01:02]} 22. Nxf4 {[%emt 0:00:06]} Nxf4 {[%emt 0:00:07]} 23. Qxf4 {[%emt 0:00:11]} Qb6 {[%emt 0:04:37]} 24. Rc3 {[%emt 0:00:26]} Rbe8 {[%emt 0:01:54]} 25. Re3 {[%emt 0:00:42]} Kh7 {[%emt 0:02:07]} 26. Ba3 {[%emt 0:01:01]} Rg8 {[%emt 0:02:03]} 27. Bc5 {[%emt 0:03:34]} Qa5 {[%emt 0:00:36]} 1-0

[Event "ESTCC U50 2018"]
[Site "Walbrzych"]
[Date "2018.04.20"]
[Round "7"]
[White "Fatalibekova, Elena"]
[Black "Salonen, Jyrki"]
[Result "1/2-1/2"]
[WhiteElo "2195"]
[BlackElo "2159"]
[Annotator "NA"]
[PlyCount "37"]
[EventDate "2018.??.??"]
[EventCountry "POL"]
[SourceTitle "playchess.com"]
[Source "ChessBase"]
[SourceQuality "1"]
[WhiteTeam "Russia"]
[BlackTeam "Finland"]
[WhiteTeamCountry "RUS"]
[BlackTeamCountry "FIN"]
[TimeControl "40/5400+30:1800+30"]

1. e4 {[%emt 0:00:00]} g6 {[%emt 0:00:28]} 2. d4 {[%emt 0:00:00]} d6 {[%emt 0:00:12]} 3. Nc3 {[%emt 0:00:36]} c6 {[%emt 0:01:31]} 4. a4 {[%emt 0:01:30]} Bg7 {[%emt 0:01:12]} 5. h3 {[%emt 0:01:01]} Nf6 {[%emt 0:01:26]} 6. Nf3 {[%emt 0:00:18]} O-O {[%emt 0:00:50]} 7. Be2 {[%emt 0:00:20]} e5 {[%emt 0:07:47]} 8. dxe5 {[%emt 0:05:54]} dxe5 {[%emt 0:00:17]} 9. Qxd8 {[%emt 0:02:19]} Rxd8 {[%emt 0:00:07]} 10. Nxe5 {[%emt 0:01:54]} Nxe4 $1 {[%emt 0:19:48]} 11. Nxe4 {[%emt 0:00:51]} Bxe5 {[%emt 0:00:14]} 12. Bg5 $11 {[%emt 0:31:13]} Re8 {[%emt 0:18:25]} 13. O-O-O {[%emt 0:04:55]} Bf5 {[%emt 0:16:13]} 14. Bf3 {[%emt 0:04:04]} Bxe4 {[%emt 0:05:05]} 15. Bxe4 {[%emt 0:00:08]} Na6 {[%emt 0:00:39]} 16. Bd3 {[%emt 0:03:19]} Nc5 {[%emt 0:02:09]} 17. a5 {[%emt 0:03:01]} Ne6 {[%emt 0:02:43]} 18. Be3 {[%emt 0:00:34]} Bf4 {[%emt 0:01:56]} 19. Rhe1 {[%emt 0:01:15]} 1/2-1/2